00689nam a22002057a 450000500170000001000150001702000260003203500140005803700130007208200110008510000170009624500450011326000380015827000620019630000260025850000320028494200250031699900190034195201230036020180807124945.0 aENG-123690 a9788178245102c595.00 aEN-107222 bDBAD/PUB a303.61 aSkarla, Ajay aUnconditional equality /cby Ajay Skarla aRanikhet bPermanent Black c2017 aHimalayana, Mall Road, Ranikhet Cantt. bRanikhete263645v avii,390p. c21cm(pbk) aIt includes notes and index 2ddccENmSKAh303.61 c155620d155620 001040718NFICaDBADbBNd2018-08-07eDBAD/PUBg595.00l0o303.61 SKApEN-107222r2018-08-07 00:00:00t1v595.00yEN